000
00326nam a22001337a 4500
008
181005b xxu||||| |||| 00| 0 eng d
020
_a
0029206901
041
_a
eng
080
_a
610
100
_a
3
101
_a
SHM
245
_a
Hnadbook Of Health Health Care And the Health Professions
_c
David.M
942
_2
udc
_c
BK
999
_c
48884
_d
48884